| 000 | 00959nam a2200265 a 4500 | ||
|---|---|---|---|
| 003 | CBULib | ||
| 005 | 20231213102152.0 | ||
| 008 | 150114s2014 ||||||||||||||||| || u | ||
| 040 |
_aCBULib _bEnglish _cCBULib _erda |
||
| 041 | _aeng | ||
| 050 | _aUNCTAD(02)2014/12 | ||
| 110 | _aUnited Nations Conference on Trade and Development (UNCTAD) | ||
| 245 | 1 | 1 |
_a Best practice guidance for policymakers and stock exchanges on sustainability reporting initiatives _c/ by United Nations Conference and Trade and Development (UNCTAD) |
| 260 |
_aNew York : _bUnited Nations, _c2014. |
||
| 300 | _ax, 38 pages | ||
| 336 |
_2rdacontent _aText | _btxt |
||
| 337 |
_2rdamedia _aUnmediated | _bn |
||
| 338 |
_2rdacarrier _aVolume _bnc |
||
| 650 | _aTRADE REGULATION | ||
| 650 | 0 | _aBUSINESS FORECASTING | |
| 650 | _aSTOCK EXCHANGE--LAW AND LEGISLATION | ||
| 650 | _aSTOCK MARKET | ||
| 942 |
_2mc _c029 |
||
| 999 |
_c35750 _d35750 |
||